Identify the Christian Bible Verse - Statistics

General Stats
  • This quiz has been taken 363 times
  • The average score is 3 of 7
Answer Stats
Hint Answer % Correct
"For God love the world so much..." John 3:16
97%
"In the beginning God created the heavens and the earth." Genesis 1:1
88%
"God sent his son into the world not to judge the world..." John 3:17
33%
"I am the alpha and Omega," says the Lord God..." Revelation 1:8
16%
"Your word have I hidden in my heart..." Psalm 119:11
12%
"No, oh people, the Lord has told you what is good..." Micah 6:8
10%
"We are pressed on every side by troubles..." 2 Corinthians 4:8
6%
No matching quizzes found
Score Distribution
Percent of People with Each Score
Percentile by Number Answered
Your Score History
You have not taken this quiz